[Event "Trebic Highlands op 12th"]
[Site "Trebic"]
[Date "2018.09.28"]
[Round "7"]
[White "Svoboda, Frantisek"]
[Black "Endler, Boris"]
[Result "0-1"]
[WhiteElo "1760"]
[BlackElo "1778"]
[PlyCount "36"]
[EventDate "2018.09.22"]
[EventType "swiss"]
[EventRounds "9"]
[EventCountry "CZE"]
[SourceTitle "CBM 186 Extra"]
[Source "ChessBase"]
[SourceDate "2018.08.24"]
[SourceVersion "1"]
[SourceVersionDate "2018.08.24"]
[SourceQuality "1"]

1. c4 Nf6 2. Nc3 g6 3. e4 d6 4. f4 e5 5. d4 exd4 6. Qxd4 Nc6 7. Qd1 Bg7 8. Be2 0-0 9. Nf3 Re8 10. 0-0 Nxe4 11. Nxe4 Rxe4 12. Ng5 Re8 13. Bd3 Nd4 14. Rb1 h6 15. Ne4 Bf5 16. Re1 Qd7 17. b4 Re7 18. Ng3 Rxe1+ 0-1

[Event "Trebic Highlands op 11th"]
[Site "Trebic"]
[Date "2017.09.28"]
[Round "6"]
[White "Brasoy, Aksel"]
[Black "Svoboda, Frantisek"]
[Result "1-0"]
[WhiteElo "1964"]
[BlackElo "1725"]
[PlyCount "73"]
[EventDate "2017.09.23"]
[EventType "swiss"]
[EventRounds "9"]
[EventCountry "CZE"]
[SourceTitle "EXT 2018"]
[Source "ChessBase"]
[SourceDate "2017.10.13"]
[SourceVersion "1"]
[SourceVersionDate "2017.10.13"]
[SourceQuality "1"]

1. d4 f5 2. g3 Nf6 3. Bg2 e6 4. Nf3 d5 5. 0-0 Be7 6. c4 c6 7. b3 0-0 8. Ba3 Bxa3 9. Nxa3 Ne4 10. Nb1 Nd7 11. e3 Qc7 12. Qc2 a5 13. a3 b6 14. Rc1 Bb7 15. Nc3 Ndf6 16. Ne5 Nd6 17. cxd5 cxd5 18. Nxd5 Qxc2 19. Ne7+ Kh8 20. Rxc2 Bxg2 21. Kxg2 Ng4 22. Rac1 Ne4 23. h3 Nxe5 24. dxe5 Nc5 25. b4 axb4 26. axb4 Nd3 27. Rd1 Rfd8 28. Rcd2 Ne1+ 29. Kf1 Rxd2 30. Rxd2 Nf3 31. Rd6 Nxe5 32. Rxb6 Nd3 33. b5 Nc5 34. Rc6 Nd7 35. Rxe6 Rb8 36. Nxf5 g6 37. Nd4 1-0

[Event "Trebic Highlands op 11th"]
[Site "Trebic"]
[Date "2017.09.26"]
[Round "4"]
[White "Svoboda, Frantisek"]
[Black "Reimer, Karl"]
[Result "1-0"]
[WhiteElo "1725"]
[BlackElo "1537"]
[PlyCount "63"]
[EventDate "2017.09.23"]
[EventType "swiss"]
[EventRounds "9"]
[EventCountry "CZE"]
[SourceTitle "EXT 2018"]
[Source "ChessBase"]
[SourceDate "2017.10.13"]
[SourceVersion "1"]
[SourceVersionDate "2017.10.13"]
[SourceQuality "1"]

1. c4 Nf6 2. Nc3 d6 3. d3 g6 4. e4 c6 5. f4 Bg7 6. Nf3 Nbd7 7. Be2 a6 8. 0-0 Qb6+ 9. Kh1 Ng4 10. d4 Ngf6 11. Qb3 0-0 12. Qxb6 Nxb6 13. Be3 Nbd7 14. h3 Nh5 15. Kh2 h6 16. g4 Nhf6 17. e5 Ne8 18. Rg1 Kh7 19. Bd3 dxe5 20. dxe5 e6 21. Nh4 f6 22. Nxg6 f5 23. Nxf8+ Nxf8 24. Rg2 Ng6 25. Rag1 Nf8 26. h4 Bd7 27. h5 b5 28. c5 Ra7 29. Ne2 Bc8 30. Nd4 Rd7 31. gxf5 Rd5 32. f6+ 1-0

[Event "Marianske Lazne op 14th"]
[Site "Marianske Lazne"]
[Date "2015.01.19"]
[Round "3"]
[White "Svoboda, Frantisek"]
[Black "Eriksson, Christian Altenburg"]
[Result "0-1"]
[WhiteElo "1754"]
[BlackElo "2164"]
[PlyCount "72"]
[EventDate "2015.01.17"]
[EventType "swiss"]
[EventRounds "9"]
[EventCountry "CZE"]
[SourceTitle "CBM 164 Extra"]
[Source "ChessBase"]
[SourceDate "2015.03.02"]
[SourceVersion "1"]
[SourceVersionDate "2015.03.02"]
[SourceQuality "1"]

1. Nf3 c5 2. c4 Nc6 3. b3 d6 4. e3 e5 5. d3 g6 6. Bb2 Bg7 7. Be2 Nge7 8. Nbd2 0-0 9. a3 a6 10. 0-0 Rb8 11. Qc2 b5 12. Rfb1 h6 13. Kh1 Kh7 14. h3 Be6 15. e4 f5 16. Rg1 Qd7 17. Kh2 f4 18. g4 fxg3+ 19. Rxg3 g5 20. Rag1 Ng6 21. Qd1 Nf4 22. Qf1 Bf6 23. Bd1 Rg8 24. Bc3 Rg6 25. Ne1 h5 26. Rh1 Rh8 27. Kg1 Kg7 28. Rh2 Qc8 29. Kh1 g4 30. hxg4 hxg4 31. f3 Rxh2+ 32. Kxh2 Qh8+ 33. Kg1 Rh6 34. Kf2 Rh2+ 35. Ke3 Qh6 36. fxg4 Nd5+ 0-1

[Event "Trebic Highlands op 10th"]
[Site "Trebic"]
[Date "2014.05.18"]
[Round "3"]
[White "Svizensky, Lubos"]
[Black "Svoboda, Frantisek"]
[Result "1/2-1/2"]
[WhiteElo "1922"]
[BlackElo "1745"]
[PlyCount "63"]
[EventDate "2014.05.17"]
[EventType "swiss"]
[EventRounds "9"]
[EventCountry "CZE"]
[SourceTitle "CBM 160 Extra"]
[Source "ChessBase"]
[SourceDate "2014.07.01"]
[SourceVersion "1"]
[SourceVersionDate "2014.07.01"]
[SourceQuality "1"]

1. d4 Nf6 2. c4 e6 3. a3 b6 4. Nf3 Bb7 5. g3 c5 6. dxc5 Bxc5 7. b4 Be7 8. Bg2 d6 9. 0-0 0-0 10. Nc3 a6 11. Qb3 Qc7 12. Bb2 Nc6 13. Rac1 Rac8 14. Rfd1 Rfd8 15. Na4 Nb8 16. Bd4 Nbd7 17. Qe3 Ng4 18. Qf4 Ngf6 19. Qe3 Bxf3 20. Bxf3 Rb8 21. h4 e5 22. Ba1 h6 23. Rd3 Rbc8 24. Rdc3 Qb8 25. R3c2 b5 26. Nb2 Rc7 27. cxb5 Rxc2 28. Rxc2 axb5 29. Qc3 d5 30. Qc6 e4 31. Bg2 Ne5 32. Qc3 1/2-1/2